000 00829nam a2200217Ia 4500
999 _c39506
_d39506
001 6102
003 GE_BSU
005 20190923115237.0
008 181216s1935||||ge |||||||||||||| ||geo||
040 _cGE_BSU
041 _ageo
080 _a821.353.1-4 ა-87
100 _aასათიანი, ლევან
_93571
245 _aმიწა :
_bმგზავრის წერილები /
_cლევან ასათიანი ; რედ.კ.ლორთქიფანიძე.
264 _aთბილისი :
_bფედერაცია ;
_c1935.
300 _a62 გვ. ;
_c17 სმ.
653 _aმიწა
653 _aმგზავრის წერილები
700 _aლორთქიფანიძე, კ.
_eრედაქტორი
_93817
942 _cBK
_2udc